000 00794nam a2200217 i 4500
001 185014
003 ES-MaACL
005 20250903084341.0
008 160307s1908 gw |||| | ger d
110 2 _aKarl W. Hiersemann (Firma)
_9159387
245 1 0 _aRussland
_b: III. Teil : russische sprache und literatur bibliographie theologie und liturgie.
260 _aLeipzig :
_bKarl W. Hiersemann,
_c1908.
300 _a22, [6] p. ;
_c21 cm.
594 _aPrecede al tít.: Catalog 359.
610 2 _aKarl W. Hiersemann (Firma)-
_vCatálogos.
_9158963
650 7 _aCatálogos de editores-
_yS.XX
_2
_9169795
650 7 _aCatálogos de editores-
_yS.XX
_2
_9169795
650 4 _aCatálogos de editores-
_zAlemania
_912066
852 _aES-MaACL
_j1511-F-13
999 _c185014
_d185014